Score 0/20 Timer 03:00
2 Plays Today
% Correct
Nepal
94.5%
Chile
89.8%
United States
88.8%
China
88.7%
India
84.6%
Argentina
83.3%
Peru
81%
Canada
81%
Russia
80.7%
Afghanistan
77.7%
% Correct
Pakistan
77.4%
Bolivia
75.6%
Bhutan
70.9%
Kazakhstan
70.6%
Kyrgyzstan
70.3%
Ecuador
67.8%
Tajikistan
62.2%
Tanzania
62%
Colombia
57%
Myanmar
36.9%

You're not logged in!

Compare scores with friends on all Sporcle quizzes.
OR
Log In

Sporcle TV

Today on Sporcle TV


Watch our educational content, quiz creation guides, and fun videos on Sporcle TV.

Show Comments

Extras

Top Quizzes Today


Score Distribution

Paid Content

Your Account Isn't Verified!

In order to create a playlist on Sporcle, you need to verify the email address you used during registration. Go to your Sporcle Settings to finish the process.

Report this User

Report this user for behavior that violates our Community Guidelines.

Details: